Loading...
Fine Arts - Classical Music | 4 | 15.00 | 100% | 25% | 25% |
Fine Arts - Other Fine Arts | 3 | 13.33 | 100% | 33% | 0% |
Fine Arts - Visual Fine Arts | 2 | 5.00 | 50% | 0% | 0% |
Geography/Current Events | 1 | 10.00 | 100% | 0% | 0% |
History - American History | 2 | 10.00 | 100% | 0% | 0% |
History - European History | 2 | 5.00 | 50% | 0% | 0% |
History - Other History | 2 | 5.00 | 50% | 0% | 0% |
History - World History | 4 | 5.00 | 50% | 0% | 0% |
Literature - American Literature | 2 | 5.00 | 50% | 0% | 0% |
Literature - British Literature | 6 | 5.00 | 50% | 0% | 0% |
Literature - European Literature | 2 | 10.00 | 100% | 0% | 0% |
Literature - World/Other Literature | 2 | 5.00 | 50% | 0% | 0% |
Mythology | 5 | 14.00 | 100% | 20% | 20% |
Philosophy | 2 | 5.00 | 50% | 0% | 0% |
Science - Biology | 3 | 16.67 | 100% | 33% | 33% |
Science - Chemistry | 1 | 10.00 | 100% | 0% | 0% |
Science - Other Science | 4 | 15.00 | 100% | 50% | 0% |
Science - Physics | 3 | 16.67 | 100% | 67% | 0% |
Social Science | 3 | 10.00 | 100% | 0% | 0% |
World/Other Literature> | 1 | 0.00 | 0% | 0% | 0% |